000 00433nam a2200181Ia 4500
001 25435
005 20260414151150.0
008 260414t2021||||xx |||||||||||||| ||spa||
041 _aESP
082 _a346.5
_bS13 V. 2
100 _aSacco, Rodolfo
_eAUT
245 0 _aTeoría general del contrato
_b
260 _c2021
300 _axx, 1252 páginas :
_c25 cm.
650 _aDER
654 _aCDE
942 _cLIB
_dJUS
_fJUS
_2ddc
_n
999 _c25435
_d25435